| 000 | 00461nam a22001217a 4500 | ||
|---|---|---|---|
| 008 | 230801b |||||||| |||| 00| 0 eng d | ||
| 040 |
_aNational Science Library _cNational Science Library |
||
| 245 |
_aAnalysis of information needs of nursing stations _c/ Lockheed Missiles and Space Company Sunnyvale, California May, 1969 |
||
| 260 |
_aWashington: _bUS Department of Commerce, _c1969 |
||
| 300 | _axiv, 397p. | ||
| 500 | _aTechnical report | ||
| 942 |
_2udc _cREP |
||
| 999 |
_c56521 _d56521 |
||